Rice biotechnology (Collected Research Papers)
Salvato in:
| Natura: | Libro |
|---|---|
| Lingua: | Undetermined |
| Pubblicazione: |
1990
|
| Soggetti: | |
| Tags: |
Aggiungi Tag
Nessun Tag, puoi essere il primo ad aggiungerne! !
|
| Thư viện lưu trữ: | Trung tâm Học liệu Trường Đại học Cần Thơ |
|---|
| LEADER | 00413nam a2200133Ia 4500 | ||
|---|---|---|---|
| 001 | CTU_38661 | ||
| 008 | 210402s9999 xx 000 0 und d | ||
| 082 | |a 633.183 | ||
| 082 | |b R495 | ||
| 245 | 0 | |a Rice biotechnology (Collected Research Papers) | |
| 260 | |c 1990 | ||
| 650 | |a agricultural biotechnology,rice,rice - biotechnology | ||
| 904 | |i Liên, 990809 | ||
| 980 | |a Trung tâm Học liệu Trường Đại học Cần Thơ | ||